On Studying Organizational Cultures : Diagnosis and Understanding /

সংরক্ষণ করুন:
গ্রন্থ-পঞ্জীর বিবরন
প্রধান লেখক: Schultz, Majken (autor)
বিন্যাস: গ্রন্থ
ভাষা:ইংরেজি
প্রকাশিত: Berlín, Alemania : Walter de Gruyter, 1994, c1994
মালা:(De Gruyter Studies in Organization. Organizational Theory and Research)
বিষয়গুলি:
ট্যাগগুলো: ট্যাগ যুক্ত করুন
কোনো ট্যাগ নেই, প্রথমজন হিসাবে ট্যাগ করুন!

MARC

LEADER 00000nam^a2200000^a^4500
001 000165652
005 20250521000000.0
009 20260310101025.428
020 |a 3-11-014649-5 
037 |a Acervo ITESO - Biblioteca 
041 |a ING 
082 |a 302. 35  |b SCH 
100 |a Schultz, Majken  |e (autor) 
245 1 0 |a On Studying Organizational Cultures :  |b Diagnosis and Understanding /  |c M. Schltz. 
264 4 |a Berlín, Alemania :  |b Walter de Gruyter,  |c 1994, c1994 
300 |a IX, 183 p. 
336 |a texto  |b txt  |2 rdacontenido 
337 |a sin mediación  |b n  |2 rdamedio 
338 |a volumen  |b nc  |2 rdasoporte 
440 1 |a (De Gruyter Studies in Organization.  |p Organizational Theory and Research) 
649 |a XX 
650 |a Instituciones -  |x Aspectos Sociales y Culturales 
650 |a Cultura Organizacional 
650 |a Comunicación Organizacional 
650 |a Dinámica de Grupos 
650 |a Identidad Cultural 
650 |a Diversidad Cultural 
650 |a Simbolismo 
650 |a Representación Social 
650 |a Prácticas Culturales 
650 |a Hermenéutica 
650 |a Investigación -  |x Metodología 
650 |a Metodología Cualitativa 
650 |a Sociología de la Cultura 
910 |a Fondo General 
920 |a Impresos - Libros 
930 |a Colección General 
905 |a 101 
901 |a 0500101119  |b IT1  |c ACC  |u 20250521 
902 |a https://opac.biblio.iteso.mx/vufind/Record/000165652